Detalles MARC
| 000 -CABECERA |
| campo de control de longitud fija |
01339nam a2200277 a 4500 |
| 001 - NÚMERO DE CONTROL |
| campo de control |
000015961 |
| 003 - IDENTIFICADOR DEL NÚMERO DE CONTROL |
| campo de control |
DO-SdBNP |
| 005 - FECHA Y HORA DE LA ÚLTIMA TRANSACCIÓN |
| campo de control |
20211202125341.0 |
| 008 - DATOS DE LONGITUD FIJA--INFORMACIÓN GENERAL |
| campo de control de longitud fija |
100222s1999 dr r 000 0 spa d |
| 040 ## - FUENTE DE LA CATALOGACIÓN |
| Centro catalogador/agencia de origen |
DO-SdBNP |
| Lengua de catalogación |
spa |
| Centro/agencia transcriptor |
BNPHU |
| 082 #4 - NÚMERO DE LA CLASIFICACIÓN DECIMAL DEWEY |
| Número de clasificación |
972.9302 |
| Número de documento/Ítem |
C332c |
| Número de edición |
22 |
| 245 00 - MENCIÓN DE TÍTULO |
| Título |
Cartas del cabildo de la ciudad de Santo Domingo en el siglo XVI / |
| Mención de responsabilidad, etc. |
compilador, Genaro Rodríguez Morel ; editor, Dantes Ortiz ; diagramación, diseño de cubierta e índice onomástico, Eric Simó. |
| 260 ## - PUBLICACIÓN, DISTRIBUCIÓN, ETC. |
| Lugar de publicación, distribución, etc. |
Santo Domingo : |
| Nombre del editor, distribuidor, etc. |
Centro de Altos Estudios Humanísticos y del Idioma Español, |
| Fecha de publicación, distribución, etc. |
1999. |
| 300 ## - DESCRIPCIÓN FÍSICA |
| Extensión |
501 p. ; |
| Dimensiones |
23 cm. |
| 500 ## - NOTA GENERAL |
| Nota general |
Incluye datos biográficos del autor en las solapas de la cubierta. |
| 500 ## - NOTA GENERAL |
| Nota general |
Incluye índices |
| 500 ## - NOTA GENERAL |
| Nota general |
Incluye bibliografía y notas al pie de páginas. |
| 590 ## - NOTA LOCAL (RLIN) |
| Nota local |
Inventariado, 2019/BT |
| 650 #4 - PUNTO DE ACCESO ADICIONAL DE MATERIA--TÉRMINO DE MATERIA |
| Término de materia o nombre geográfico como elemento de entrada |
Gobierno local |
| Subdivisión geográfica |
Santo Domingo (República Dominicana) |
| 9 (RLIN) |
309 |
| 651 #4 - PUNTO DE ACCESO ADICIONAL DE MATERIA--NOMBRE GEOGRÁFICO |
| Nombre geográfico |
República Dominicana |
| Subdivisión general |
Historia |
| Subdivisión cronológica |
Gobierno colonial, 1511-1795 |
| Subdivisión general |
Fuentes |
| 9 (RLIN) |
35865 |
| 651 #4 - PUNTO DE ACCESO ADICIONAL DE MATERIA--NOMBRE GEOGRÁFICO |
| Nombre geográfico |
Santo Domingo (República Dominicana) |
| Subdivisión general |
Política y gobierno |
| -- |
Fuentes |
| 9 (RLIN) |
310 |
| 651 #4 - PUNTO DE ACCESO ADICIONAL DE MATERIA--NOMBRE GEOGRÁFICO |
| Nombre geográfico |
Santo Domingo (República Dominicana) |
| Subdivisión general |
Historia |
| Subdivisión cronológica |
Siglo XX |
| Subdivisión general |
Fuentes |
| 9 (RLIN) |
35866 |
| 651 #4 - PUNTO DE ACCESO ADICIONAL DE MATERIA--NOMBRE GEOGRÁFICO |
| Nombre geográfico |
Cabildo De Santo Domingo (República Dominicana) |
| Subdivisión general |
Historia |
| -- |
Fuentes |
| 9 (RLIN) |
312 |
| 910 ## - DATOS DE OPCIÓN DEL USUARIO (OCLC) |
| Datos de opción del usuario |
Validado. Control de calidad. EMS |
| 942 ## - ELEMENTOS DE PUNTO DE ACCESO ADICIONAL (KOHA) |
| Fuente del sistema de clasificación o colocación |
Dewey Decimal Classification |
| Tipo de ítem Koha |
Libro |